Nueva especie de Atelopus dumeril & bibron, 1841 (Amphibia: Anura: Bufonidae) para la Sierra Nevada de Santa Marta (Registro nro. 16132)

Detalles MARC
000 -CABECERA
Campo de control 003920000a22001090004500
090 ## - CLASIFICACIÓN LOCAL
Colección AS
Consecutivo Seriadas
041 0# - IDIOMA
Código de idioma para texto/pista de sonido o título separado
100 1# - ASIENTO PRINCIPAL--NOMBRE PERSONAL
Nombre personal Rueda Almonacid, José Vicente
245 10 - MENCION DE TITULO
Título Nueva especie de Atelopus dumeril & bibron, 1841 (Amphibia: Anura: Bufonidae) para la Sierra Nevada de Santa Marta
773 1# - Item fuente:
Título Trianea
Datos de la serie Acta Científica y Tecnológica
Descripción física 5
Paginas del Articulo 101-108
Lugar, editorial y fecha de publicación 1994
942 ## - ELEMENTOS ADICIONALES (KOHA)
Tipo de ítem Artículo

No hay ítems disponibles.